000 00547nam a2200205Ia 4500
003 GCL
008 140319s9999 xx 000 0 eng d
040 _aGCL /
_cGCL
082 0 4 _aCH
_b823
_bD D2
100 1 _aDUBOWSKI, CATHY EAST
245 1 0 _aDUMPY THE DUMP TRUCK /
_cDUBOWSKI, CATHY EAST
700 1 _aSAMUELS, MARK
260 _a[S.N] :
_bMC CLANAHAN BOOK COMPANY ،
_c1990
650 0 4 _aENGLISH LITERATURE
650 0 4 _aLITERATURE
650 0 4 _aENGLISH FICTION
650 0 4 _aFICTION
650 0 4 _aLIBAKIND, DANIEL
942 _2ddc
_cBK
999 _c14609
_d14609